The diary of George Washington, from 1789 to 1791 : (Record no. 89746)
[ view plain ]
| 000 -LEADER | |
|---|---|
| fixed length control field | 01040cam a22002411a 4500 |
| 001 - CONTROL NUMBER | |
| control field | sd 19000218 |
| 003 - CONTROL NUMBER IDENTIFIER | |
| control field | DLC |
| 005 - DATE AND TIME OF LATEST TRANSACTION | |
| control field | 20260227112731.0 |
| 007 - PHYSICAL DESCRIPTION FIXED FIELD--GENERAL INFORMATION | |
| fixed length control field | cr_||||||||||| |
| 008 - FIXED-LENGTH DATA ELEMENTS--GENERAL INFORMATION | |
| fixed length control field | 770926s1861 vau 000 0aeng c |
| 010 ## - LIBRARY OF CONGRESS CONTROL NUMBER | |
| LC control number | sd 19000218 |
| 035 ## - SYSTEM CONTROL NUMBER | |
| System control number | (OCoLC)3295038 |
| 040 ## - CATALOGING SOURCE | |
| Original cataloging agency | U. S. Dept. of State Library |
| Transcribing agency | ABAU |
| Modifying agency | ABAU |
| -- | PPiU |
| -- | DLC |
| 050 00 - LIBRARY OF CONGRESS CALL NUMBER | |
| Classification number | E312.8 |
| Item number | 1789-91a |
| 100 1# - MAIN ENTRY--PERSONAL NAME | |
| Personal name | Washington, George, |
| Dates associated with a name | 1732-1799 |
| 245 14 - TITLE STATEMENT | |
| Title | The diary of George Washington, from 1789 to 1791 : |
| Remainder of title | embracing the opening of the first Congress, and his tours through New England, Long Island, and the southern states. Together with his Journal of a tour to the Ohio, in 1753. |
| Statement of responsibility, etc. | Edited by Benson J. Lossing. |
| 260 ## - PUBLICATION, DISTRIBUTION, ETC. | |
| Place of publication, distribution, etc. | Richmond : |
| Name of publisher, distributor, etc. | Press of the Historical Society, |
| Date of publication, distribution, etc. | 1861. |
| 300 ## - PHYSICAL DESCRIPTION | |
| Extent | 248 p. ; |
| Dimensions | 23 cm. |
| 530 ## - ADDITIONAL PHYSICAL FORM AVAILABLE NOTE | |
| Additional physical form available note | Also available in digital form on the Internet Archive Web site. |
| 600 10 - SUBJECT ADDED ENTRY--PERSONAL NAME | |
| Personal name | Washington, George, |
| Dates associated with a name | 1732-1799 |
| General subdivision | Diaries. |
| 700 1# - ADDED ENTRY--PERSONAL NAME | |
| Personal name | Lossing, Benson John, |
| Dates associated with a name | 1813-1891. |
| 856 41 - ELECTRONIC LOCATION AND ACCESS | |
| Uniform Resource Identifier | <a href="http://hdl.loc.gov/loc.gdc/scd0001.00118379901">http://hdl.loc.gov/loc.gdc/scd0001.00118379901</a> |
No items available.